Interkulturális kapcsolatok Magyarország és Franciaország tükrében

Bibliográfiai részletek
Szerző: Egyed Borbála Emma
További közreműködők: Surányi Dr. András
Dokumentumtípus: Diplomadolgozat
Kulcsszavak:Franciaország
Interkulturális kapcsolatok
Interkulturális kommunikáció
Magyarország
Online Access:http://dolgozattar.uni-bge.hu/405

MARC

LEADER 00000nta a2200000 i 4500
001 dolg405
005 20210325155329.0
008 150305suuuu hu om 000 hun d
040 |a BGE Dolgozattár Repozitórium  |b hun 
041 |a hu 
100 1 |a Egyed Borbála Emma 
245 1 0 |a Interkulturális kapcsolatok Magyarország és Franciaország tükrében  |c Egyed Borbála Emma  |h [elektronikus dokumentum] 
695 |a Franciaország 
695 |a Interkulturális kapcsolatok 
695 |a Interkulturális kommunikáció 
695 |a Magyarország 
700 1 |a Surányi Dr. András  |e ths 
856 4 0 |u http://dolgozattar.uni-bge.hu/405/1/szakdolgozat2014EgyedBorb%C3%A1la.pdf  |z Dokumentum-elérés